000 01139nam a2200325 a 4500
001 ebr10017708
003 CaPaEBR
006 m u
007 cr cn|||||||||
008 930304s1993 enk sb 001 0 eng
010 _z 93003489
020 _z0415072786
040 _aCaPaEBR
_cCaPaEBR
035 _a(OCoLC)179095100
050 1 4 _aHM101
_b.J43 1993eb
082 0 4 _a306
_220
100 1 _aJenks, Chris.
245 1 0 _aCulture
_h[electronic resource] /
_cChris Jenks.
260 _aLondon ;
_aNew York :
_bRoutledge,
_c1993.
300 _a182 p.
490 1 _aKey ideas
504 _aIncludes bibliographical references (p. [173]-175) and indexes.
533 _aElectronic reproduction.
_bPalo Alto, Calif. :
_cebrary,
_d2013.
_nAvailable via World Wide Web.
_nAccess may be limited to ebrary affiliated libraries.
650 0 _aCulture
_xPhilosophy.
650 0 _aSocial structure.
655 7 _aElectronic books.
_2local
710 2 _aebrary, Inc.
830 0 _aKey ideas.
856 4 0 _uhttp://site.ebrary.com/lib/rucke/Doc?id=10017708
_zAn electronic book accessible through the World Wide Web; click to view
999 _c12304
_d12304